[Event "5th Essent op"]
[Site "Hoogeveen NED"]
[Date "2001.10.16"]
[Round "5.17"]
[White "Van der Veen, Jan"]
[Black "Vuilleumier, Alexandre"]
[Result "0-1"]
[WhiteElo "2135"]
[BlackElo "2150"]
[EventDate "2001.10.12"]
[PlyCount "124"]

1.e4 c5 2.Nc3 Nc6 3.f4 g6 4.Nf3 Bg7 5.Bb5 e6 6.Bxc6 dxc6 7.d3 Ne7 8.O-O 
O-O 9.Qe1 b6 10.Bd2 a5 11.Qf2 Ba6 12.Be3 f5 13.Rfd1 Qc7 14.e5 Rfd8 15.b3 
Nd5 16.Bd2 Nb4 17.Ne1 Bf8 18.a3 Nd5 19.Na4 h6 20.c4 Ne7 21.Be3 Kf7 22.Nf3 
Rd7 23.Rd2 Rad8 24.Rad1 Nc8 25.h3 Be7 26.Nc3 Rg8 27.g4 Rdd8 28.Kh1 Rg7 29.
Rg1 Rdg8 30.gxf5 gxf5 31.Rdd1 Qd8 32.Rxg7+ Rxg7 33.Ne2 a4 34.Ng3 Bh4 35.
Nxh4 Qxh4 36.Kh2 Qd8 37.Qc2 axb3 38.Qxb3 b5 39.Qc2 Qa5 40.Qe2 Qxa3 41.Qh5+
Ke7 42.Qxh6 Rf7 43.Nh5 Nb6 44.Ng7 Bc8 45.Bf2 Kd8 46.Bh4+ Kc7 47.Nxe6+ Bxe6
48.Qxe6 Rd7 49.cxb5 cxb5 50.Qxf5 Qb2+ 51.Kg1 Qc2 52.Rf1 Rxd3 53.Qh7+ Kc6 
54.Qg6+ Kb7 55.e6 Nd5 56.e7 Nxe7 57.Bxe7 Qb3 58.Qe4+ Kc7 59.Bh4 Rxh3 60.f5
Qg8+ 61.Kf2 Rh2+ 62.Ke3 Qb3+ 0-1

[Event "5th Essent op"]
[Site "Hoogeveen NED"]
[Date "2001.10.16"]
[Round "5.19"]
[White "Archangelsky, Mikhail"]
[Black "Hendriks, Richard V"]
[Result "1/2-1/2"]
[WhiteElo "2395"]
[BlackElo "2113"]
[EventDate "2001.10.12"]
[PlyCount "99"]

1.e4 e5 2.Bc4 Nf6 3.d3 Bc5 4.Nc3 d6 5.f4 Nc6 6.Nf3 Bg4 7.Na4 O-O 8.Nxc5 
dxc5 9.h3 Bxf3 10.Qxf3 Nd4 11.Qf2 b5 12.fxe5 bxc4 13.exf6 cxd3 14.cxd3 
Qxf6 15.Qxf6 gxf6 16.O-O Nc2 17.Bh6 Nxa1 18.Bxf8 Kxf8 19.Rxa1 Rd8 20.Rc1 
Rxd3 21.Rxc5 Rd1+ 22.Kh2 Rd2 23.Rxc7 Rxb2 24.Rxa7 Rb4 25.Kg3 Rxe4 26.Kf3 
Rc4 27.Rd7 Rc3+ 28.Ke2 Rg3 29.Kf2 Ra3 30.Rd2 Kg7 31.Ke2 f5 32.Kd1 f4 33.
Rf2 Kg6 34.Kc1 Kg5 35.Kb2 Ra8 36.a3 Rb8+ 37.Kc3 Ra8 38.Kb4 Rb8+ 39.Kc5 Ra8
40.Ra2 f3 41.gxf3 Kh4 42.a4 Kxh3 43.a5 Kg3 44.Kb6 h5 45.Kb7 Re8 46.a6 h4 
47.a7 h3 48.a8=Q Rxa8 49.Rxa8 Kxf3 50.Rf8 1/2-1/2

[Event "5th Essent op"]
[Site "Hoogeveen NED"]
[Date "2001.10.16"]
[Round "5.20"]
[White "Gofshtein, Leonid D"]
[Black "Visser, Yge"]
[Result "0-1"]
[WhiteElo "2513"]
[BlackElo "2453"]
[EventDate "2001.10.12"]
[PlyCount "94"]

1.d4 Nf6 2.c4 g6 3.Nc3 Bg7 4.e4 d6 5.Bd3 O-O 6.Nge2 Nbd7 7.f3 c5 8.dxc5 
Ne5 9.cxd6 Qxd6 10.Bc2 Qxd1+ 11.Nxd1 Nxc4 12.b3 Na5 13.Bd2 b6 14.Rc1 Ba6 
15.Ndc3 Rfd8 16.Be3 Rac8 17.Bb1 Nc6 18.Kf2 e6 19.Rhd1 Nd7 20.Nd4 Nxd4 21.
Bxd4 Ne5 22.Kg3 Nxf3 23.Bxg7 Rxd1 24.Rxd1 Kxg7 25.Kxf3 Rxc3+ 26.Kf4 Kf6 
27.e5+ Ke7 28.Be4 h6 29.h4 Bb5 30.Rd2 Bc6 31.Bxc6 Rxc6 32.g3 Rc1 33.Ke4 
Rc3 34.Rg2 g5 35.hxg5 hxg5 36.Rg1 Rc2 37.Ra1 Re2+ 38.Kd4 Rg2 39.Kc4 Rxg3 
40.Kb5 Rc3 41.Ka6 Rc7 42.Rf1 f5 43.exf6+ Kf7 44.a4 Kg6 45.b4 Rf7 46.a5 
bxa5 47.bxa5 e5 0-1

[Event "5th Essent op"]
[Site "Hoogeveen NED"]
[Date "2001.10.16"]
[Round "5.22"]
[White "Afek, Yochanan"]
[Black "Span, Paul"]
[Result "1-0"]
[WhiteElo "2369"]
[BlackElo "2223"]
[EventDate "2001.10.12"]
[PlyCount "117"]

1.e4 c5 2.Nf3 Nc6 3.c3 d5 4.exd5 Qxd5 5.d4 Bg4 6.Be2 e6 7.h3 Bh5 8.c4 Qd6 
9.d5 Bxf3 10.Bxf3 exd5 11.cxd5 Nd4 12.Nc3 Nf6 13.Be3 Nxf3+ 14.Qxf3 Qd7 15.
O-O Bd6 16.Bg5 O-O-O 17.Bxf6 gxf6 18.Qxf6 Rhg8 19.Qh4 Rg6 20.f4 Be7 21.Qh5
Bf6 22.Rac1 Bd4+ 23.Kh1 f5 24.Rf3 Kb8 25.Rc2 Re8 26.Kh2 Re1 27.Ne2 Qg7 28.
Nxd4 Qxd4 29.Rff2 Qd3 30.Qh4 Rg8 31.Rcd2 Qb1 32.g4 Rh1+ 33.Kg3 Rg1+ 34.Rg2
Qe1+ 35.Rf2 Qe3+ 36.Kh2 Rxg2+ 37.Kxg2 Qe4+ 38.Kh2 Qxd5 39.g5 Qd4 40.Re2 
Rd8 41.Qf2 Qd3 42.Re7 Qd1 43.Re2 a6 44.Kg3 Qc1 45.Qe3 Qd1 46.Re1 Qc2 47.
Rc1 Qxb2 48.Qe5+ Qxe5 49.fxe5 Rd4 50.Rxc5 Re4 51.h4 b6 52.Rc6 Rxe5 53.
Rxb6+ Ka7 54.Rh6 Re7 55.Kf4 Rf7 56.h5 a5 57.g6 hxg6 58.hxg6 Rf8 59.g7 1-0

[Event "5th Essent op"]
[Site "Hoogeveen NED"]
[Date "2001.10.16"]
[Round "5.23"]
[White "Markus, John Raymond"]
[Black "Peek, Maurice"]
[Result "1-0"]
[WhiteElo "2253"]
[BlackElo "2309"]
[EventDate "2001.10.12"]
[PlyCount "63"]

1.d4 Nf6 2.Nf3 e6 3.Bg5 c5 4.e3 Nc6 5.c3 Be7 6.Nbd2 b6 7.Bd3 h6 8.Bh4 Bb7 
9.O-O d5 10.Ne5 Nxe5 11.dxe5 Nd7 12.Bxe7 Qxe7 13.f4 Rd8 14.Nf3 O-O 15.Qe2 
g6 16.Rad1 Nb8 17.Rf2 Rd7 18.h3 d4 19.exd4 Bxf3 20.Rxf3 cxd4 21.Bb5 Rd5 
22.Bc4 Rd7 23.cxd4 Nc6 24.Qf2 Qb4 25.Rc3 Na5 26.a3 Qa4 27.Qe2 Nc6 28.d5 
exd5 29.b3 Qxa3 30.Bb5 Rc7 31.Bxc6 Rfc8 32.e6 1-0

[Event "5th Essent op"]
[Site "Hoogeveen NED"]
[Date "2001.10.17"]
[Round "6.1"]
[White "Klinova, Masha"]
[Black "Mulyar, Michael A"]
[Result "1/2-1/2"]
[WhiteElo "2407"]
[BlackElo "2428"]
[EventDate "2001.10.12"]
[PlyCount "90"]

1.e4 e5 2.Nf3 Nc6 3.Bc4 Nf6 4.d3 Bc5 5.Nbd2 a6 6.c3 O-O 7.O-O d6 8.Bb3 h6 
9.h3 Ba7 10.Re1 Nh5 11.Nf1 Qf6 12.Be3 Nf4 13.Ng3 g6 14.Nh2 h5 15.Qd2 Bxe3 
16.fxe3 Ne6 17.Rf1 Qh4 18.Qf2 Ng5 19.Nf3 Nxf3+ 20.Qxf3 Be6 21.d4 Bxb3 22.
axb3 Rae8 23.Rf2 Nd8 24.d5 Kg7 25.b4 f6 26.Raf1 Qg5 27.Kh2 Re7 28.Ne2 Ref7
29.Qg3 h4 30.Qxg5 fxg5 31.Rxf7+ Rxf7 32.Rxf7+ Nxf7 33.c4 Kf6 34.g4 hxg3+ 
35.Kxg3 Nh6 36.Nc3 b6 37.Nd1 Ng8 38.Nf2 Ke7 39.Kg4 Kf6 40.Nd3 Nh6+ 41.Kg3 
Kg7 42.c5 b5 43.c6 Ng8 44.Nf2 Nf6 45.Kf3 Kf7 1/2-1/2

[Event "5th Essent op"]
[Site "Hoogeveen NED"]
[Date "2001.10.17"]
[Round "6.3"]
[White "Peng, Zhaoqin"]
[Black "Markus, John Raymond"]
[Result "1-0"]
[WhiteElo "2443"]
[BlackElo "2253"]
[EventDate "2001.10.12"]
[PlyCount "41"]

1.d4 Nf6 2.Nf3 c5 3.d5 e6 4.Nc3 a6 5.e4 b5 6.e5 b4 7.exf6 bxc3 8.fxg7 Bxg7
9.b3 Bb7 10.Bc4 O-O 11.O-O e5 12.Ng5 d6 13.Qd3 f5 14.Qh3 h6 15.Ne6 Qf6 16.
Rb1 Nd7 17.Qxc3 Rf7 18.f4 Nb6 19.Qd2 Bc8 20.fxe5 Qxe5 21.Bb2 1-0

[Event "5th Essent op"]
[Site "Hoogeveen NED"]
[Date "2001.10.17"]
[Round "6.4"]
[White "Ellenbroek, Ton"]
[Black "Van der Veen, Jan"]
[Result "1/2-1/2"]
[WhiteElo "2117"]
[BlackElo "2135"]
[EventDate "2001.10.12"]
[PlyCount "111"]

1.d4 Nf6 2.Bf4 g6 3.Nc3 d5 4.f3 c5 5.e4 Qa5 6.dxc5 dxe4 7.Bxb8 Rxb8 8.Qd4 
Bd7 9.b4 Qd8 10.fxe4 Bg7 11.Rd1 Bc6 12.Qxd8+ Rxd8 13.Rxd8+ Kxd8 14.Bd3 Ng4
15.Nge2 e6 16.O-O f5 17.h3 Ne5 18.b5 Bd7 19.Rd1 Kc8 20.b6 Bf8 21.bxa7 
Bxc5+ 22.Kh1 Bxa7 23.Bb5 Bc6 24.Nf4 fxe4 25.Bxc6 Nxc6 26.Nxe4 e5 27.Ne6 
Nd4 28.Nxd4 Bxd4 29.c3 Bb6 30.Nd6+ Kb8 31.Rb1 Ka7 32.Re1 Rd8 33.Nb5+ Ka6 
34.Rxe5 Rd1+ 35.Kh2 Ra1 36.a3 Rc1 37.Kg3 Rc2 38.h4 h5 39.Kh3 Rc1 40.Kg3 
Rc2 41.Kh3 Rc1 42.a4 Ka5 43.Re4 Ra1 44.Nd4 Bxd4 45.Rxd4 Rxa4 46.Rd5+ b5 
47.Rg5 Rc4 48.Rxg6 Rxc3+ 49.g3 Rc5 50.Rg5 Kb6 51.Rg6+ Kc7 52.Rg7+ Kc6 53.
Rg6+ Kd5 54.Rb6 Kc4 55.g4 hxg4+ 56.Kxg4 1/2-1/2

[Event "5th Essent op"]
[Site "Hoogeveen NED"]
[Date "2001.10.17"]
[Round "6.5"]
[White "Naes, Flovin Tor"]
[Black "Boersma, Jan"]
[Result "0-1"]
[WhiteElo "2223"]
[BlackElo "2193"]
[EventDate "2001.10.12"]
[PlyCount "69"]

1.Nf3 Nf6 2.d4 g6 3.c4 Bg7 4.Nc3 O-O 5.g3 d6 6.Bg2 Nbd7 7.O-O e5 8.e4 c6 
9.h3 Qb6 10.Re1 exd4 11.Nxd4 Nc5 12.Nb3 Be6 13.e5 Nfd7 14.Qxd6 Nxb3 15.
axb3 Rfe8 16.Be3 Qxb3 17.f4 Bf8 18.Qd2 Nc5 19.Red1 Qxc4 20.Bf1 Qb3 21.Qf2 
Qb4 22.Rd4 Qb3 23.Ra3 Qb6 24.Rd6 Bxd6 25.exd6 Qd8 26.Bxc5 b6 27.Bd4 c5 28.
Be3 Qxd6 29.Bg2 Rad8 30.Ne4 Qe7 31.f5 Bxf5 32.Bg5 Rd1+ 33.Kh2 Qxe4 34.Bxe4
Bxe4 35.Rxa7 0-1

[Event "5th Essent op"]
[Site "Hoogeveen NED"]
[Date "2001.10.17"]
[Round "6.6"]
[White "Van Kooten, Luuk"]
[Black "Goloshchapov, Alexander"]
[Result "0-1"]
[WhiteElo "2252"]
[BlackElo "2550"]
[EventDate "2001.10.12"]
[PlyCount "72"]

1.d4 e6 2.Nf3 f5 3.g3 Nf6 4.Bg2 Be7 5.O-O O-O 6.c4 d5 7.b3 b6 8.Bb2 Bb7 9.
Nbd2 a5 10.Ne5 Na6 11.Ndf3 Ne4 12.Rc1 Bd6 13.Ne1 Bxe5 14.Bxe4 Bxg3 15.Bg2 
Bd6 16.f4 Qe7 17.Rc3 Nb4 18.a4 c5 19.Rg3 g6 20.Kh1 Rad8 21.e3 dxc4 22.bxc4
Ba6 23.Rg1 Bxc4 24.Qh5 Qg7 25.Bf3 Be7 26.Rxg6 hxg6 27.Rxg6 Bf6 28.Bg2 Rd7 
29.Nf3 Qxg6 30.Qxg6+ Rg7 31.Qh5 Rh7 32.Qg6+ Rg7 33.Qh5 Be2 34.Qh6 Rh7 35.
Qg6+ Rg7 36.Qh6 Bxf3 0-1

[Event "5th Essent op"]
[Site "Hoogeveen NED"]
[Date "2001.10.17"]
[Round "6.7"]
[White "Hernandez, Gustavo2"]
[Black "Archangelsky, Mikhail"]
[Result "1/2-1/2"]
[WhiteElo "2265"]
[BlackElo "2395"]
[EventDate "2001.10.12"]
[PlyCount "49"]

1.d4 d5 2.c4 c6 3.e3 Bf5 4.Nc3 e6 5.Bd3 Bxd3 6.Qxd3 Nd7 7.Nf3 Ngf6 8.O-O 
Bb4 9.Bd2 a5 10.b3 O-O 11.a3 Be7 12.Rfd1 Qb6 13.Qc2 Rfd8 14.Rdc1 Rac8 15.
c5 Qc7 16.b4 axb4 17.axb4 e5 18.Qa4 e4 19.Ne1 Ng4 20.g3 Ndf6 21.h3 Nh6 22.
b5 Qd7 23.Kg2 Qf5 24.Qd1 Qd7 25.Nc2 1/2-1/2

[Event "5th Essent op"]
[Site "Hoogeveen NED"]
[Date "2001.10.17"]
[Round "6.8"]
[White "Span, Paul"]
[Black "Plasman, Hans"]
[Result "1/2-1/2"]
[WhiteElo "2223"]
[BlackElo "2217"]
[EventDate "2001.10.12"]
[PlyCount "60"]

1.e4 e5 2.Nf3 Nc6 3.Bb5 f5 4.Nc3 fxe4 5.Nxe4 Nf6 6.Nxf6+ gxf6 7.d4 Bg7 8.
dxe5 fxe5 9.Bxc6 bxc6 10.Bg5 Bf6 11.Nxe5 O-O 12.Bxf6 Qxf6 13.Qg4+ Kh8 14.
Nf3 Re8+ 15.Kd2 Ba6 16.Rae1 Qxb2 17.Qd4+ Qxd4+ 18.Nxd4 Bc4 19.a3 Bd5 20.f3
Rg8 21.Rhg1 Raf8 22.Ne2 Rf5 23.Ng3 Rf4 24.Ne4 Bxe4 25.fxe4 Rgg4 26.Rb1 
Rxe4 27.Rb7 Ra4 28.Rxc7 Rgd4+ 29.Kc3 Rd5 30.Kb3 Rh4 1/2-1/2

[Event "5th Essent op"]
[Site "Hoogeveen NED"]
[Date "2001.10.17"]
[Round "6.10"]
[White "Peek, Maurice"]
[Black "Van Doeland, Julius"]
[Result "1-0"]
[WhiteElo "2309"]
[BlackElo "2292"]
[EventDate "2001.10.12"]
[PlyCount "95"]

1.d4 Nf6 2.c4 e6 3.g3 Bb4+ 4.Nd2 c5 5.a3 Bxd2+ 6.Qxd2 cxd4 7.Nf3 b6 8.Bg2 
Bb7 9.O-O Nc6 10.Nxd4 Nxd4 11.Qxd4 Bxg2 12.Kxg2 Qc7 13.Bg5 e5 14.Qd3 Qc6+ 
15.Kg1 Ne4 16.Be3 O-O 17.Rfd1 h6 18.Rac1 Nf6 19.b4 Rfe8 20.h3 Re6 21.Qb3 
a6 22.a4 Qb7 23.Rc2 Rc8 24.Bc1 Qe4 25.Rd3 d5 26.cxd5 Rxc2 27.Qxc2 Nxd5 28.
f3 Qg6 29.Qc8+ Kh7 30.Rxd5 Qxg3+ 31.Kf1 Qxh3+ 32.Ke1 Qh4+ 33.Kd1 Qxb4 34.
Qc2+ g6 35.Bd2 Qa3 36.Ke1 Qa1+ 37.Bc1 b5 38.axb5 axb5 39.Kf2 b4 40.Qd2 g5 
41.Bb2 Qa7+ 42.Kg2 Qe7 43.Rd7 Qe8 44.Qd5 Kg6 45.Rd8 Qc6 46.Rg8+ Kh5 47.Qd1
Qc4 48.e4 1-0

[Event "5th Essent op"]
[Site "Hoogeveen NED"]
[Date "2001.10.17"]
[Round "6.11"]
[White "Riazantsev, Alexander"]
[Black "Klenburg, Mikhail"]
[Result "1-0"]
[WhiteElo "2500"]
[BlackElo "2341"]
[EventDate "2001.10.12"]
[PlyCount "141"]

1.d4 d6 2.c4 e5 3.d5 Be7 4.Nc3 Nf6 5.e4 O-O 6.Bd3 c6 7.Nge2 Nh5 8.O-O Bg5 
9.Bd2 Bxd2 10.Qxd2 Na6 11.a3 Nc5 12.Bc2 cxd5 13.cxd5 a5 14.b4 axb4 15.axb4
Rxa1 16.Rxa1 Na6 17.Rb1 Bd7 18.Qe3 Nf6 19.f3 Qc7 20.Bd3 Rc8 21.Qa7 Qb8 22.
Qe3 Qc7 23.Na2 Qb8 24.Rb3 Nc7 25.Nec3 Nce8 26.Ra3 Qc7 27.Ra7 Rb8 28.Bf1 
Qc8 29.Qb6 g6 30.Nd1 Ra8 31.Nac3 Rxa7 32.Qxa7 Qc7 33.Qa5 Qxa5 34.bxa5 Kf8 
35.Ne3 Nc7 36.Kf2 Ke7 37.Ke1 Na6 38.Bxa6 bxa6 39.Na2 Bc8 40.Nb4 Kd7 41.Nc4
Kc7 42.Nb6 Bb7 43.Kd2 Nh5 44.Ke3 g5 45.g3 Nf6 46.Nd3 Bc8 47.Nf2 Bd7 48.f4 
gxf4+ 49.gxf4 Bb5 50.Kf3 h6 51.Ng4 Be2+ 52.Kxe2 Nxg4 53.h3 Nf6 54.Kf3 h5 
55.fxe5 dxe5 56.Nc4 Nd7 57.Kg3 Nc5 58.Nd2 Nd3 59.Kh4 Nf4 60.Nf1 f5 61.exf5
Kd6 62.Ne3 e4 63.f6 Ke5 64.Kg5 Nxh3+ 65.Kg6 Nf4+ 66.Kg7 Kd4 67.f7 Kxe3 68.
f8=Q h4 69.Qa3+ Kf2 70.Qb2+ Kf3 71.Qc3+ 1-0

[Event "5th Essent op"]
[Site "Hoogeveen NED"]
[Date "2001.10.17"]
[Round "6.13"]
[White "Jens, Jelmer"]
[Black "Hulshof, Peter"]
[Result "1-0"]
[WhiteElo "2318"]
[BlackElo "2200"]
[EventDate "2001.10.12"]
[PlyCount "45"]

1.d4 g6 2.c4 Bg7 3.Nc3 d6 4.e4 c6 5.Nf3 Bg4 6.Be3 a6 7.Be2 b5 8.O-O Nf6 9.
e5 dxe5 10.Nxe5 Bxe2 11.Qxe2 Nfd7 12.f4 O-O 13.Rad1 bxc4 14.Qxc4 Qc7 15.
Nd5 Qd6 16.Nxc6 e6 17.Nde7+ Kh8 18.d5 exd5 19.Rxd5 Qe6 20.Bd4 f6 21.Nxg6+ 
Kg8 22.f5 Qf7 23.Nce7+ 1-0

[Event "5th Essent op"]
[Site "Hoogeveen NED"]
[Date "2001.10.17"]
[Round "6.14"]
[White "Potze, Rudolf"]
[Black "Rooda, Kai P"]
[Result "0-1"]
[WhiteElo "2145"]
[BlackElo "2176"]
[EventDate "2001.10.12"]
[PlyCount "144"]

1.e4 e6 2.d4 d5 3.e5 c5 4.c3 Qb6 5.Nf3 Bd7 6.a3 a5 7.Be2 a4 8.O-O Bb5 9.c4
Bxc4 10.Bxc4 dxc4 11.d5 Qb3 12.dxe6 fxe6 13.Nc3 Qxd1 14.Rxd1 Nc6 15.Be3 
Be7 16.Nb5 Ra5 17.Nd6+ Bxd6 18.Rxd6 Nge7 19.Rxe6 O-O 20.Nd2 Kf7 21.Rd6 
Nxe5 22.Rb6 Nd5 23.Rxb7+ Kg8 24.Rc1 c3 25.bxc3 Nxe3 26.fxe3 Ra6 27.Re7 Ng4
28.h3 Nf6 29.e4 Rd6 30.Nc4 Rd3 31.Nb6 Re3 32.Nxa4 Nd5 33.Rd7 Nf4 34.Rc2 h5
35.h4 Ne2+ 36.Rxe2 Rxe2 37.Rd5 Re1+ 38.Kh2 Rxe4 39.Nxc5 Rxh4+ 40.Kg1 Rc4 
41.Rxh5 Rxc3 42.a4 Ra8 43.Ne4 Rc4 44.Re5 Rcxa4 45.Kh2 Kf7 46.Ng5+ Kg6 47.
Nf3 Ra2 48.Rd5 R8a6 49.Kg3 Kh6 50.Rc5 Rg6+ 51.Kh4 Rgxg2 52.Rh5+ Kg6 53.
Ne5+ Kf6 54.Ng4+ Kf7 55.Rf5+ Kg8 56.Rf4 Ra5 57.Rb4 Rg1 58.Rc4 Kh7 59.Nf2 
Rf5 60.Nh3 Rg2 61.Rb4 Kh6 62.Nf4 Rg1 63.Kh3 Rfg5 64.Kh2 R1g4 65.Rb6+ g6 
66.Nh3 Ra5 67.Rb2 Rga4 68.Rb6 Kh5 69.Rb8 Ra2+ 70.Kg1 Rf5 71.Rb4 g5 72.Kh1 
Rf3 0-1

[Event "5th Essent op"]
[Site "Hoogeveen NED"]
[Date "2001.10.17"]
[Round "6.16"]
[White "Bertholee, Rob"]
[Black "Magomedov, Magaram"]
[Result "1/2-1/2"]
[WhiteElo "2382"]
[BlackElo "2608"]
[EventDate "2001.10.12"]
[PlyCount "119"]

1.e4 e5 2.Nf3 Nc6 3.Nc3 Nf6 4.Bb5 Nd4 5.Nxd4 exd4 6.e5 dxc3 7.exf6 Qxf6 8.
dxc3 Bc5 9.Qe2+ Qe7 10.Qxe7+ Bxe7 11.Bf4 c6 12.Bd3 d5 13.c4 Be6 14.cxd5 
Bxd5 15.O-O O-O 16.Rae1 Rfe8 17.a4 Bf6 18.c3 a5 19.Bc7 Rxe1 20.Rxe1 g6 21.
Bb6 Bb3 22.Kf1 Bxa4 23.Ra1 Bd8 24.Bxd8 Rxd8 25.Ke2 b5 26.Ra3 c5 27.c4 bxc4
28.Bxc4 Bd1+ 29.Ke3 a4 30.Rd3 Re8+ 31.Kd2 Bg4 32.Rd5 Rc8 33.Bb5 Be6 34.Re5
Bb3 35.Kc3 Kg7 36.Bc4 Kf6 37.Rd5 Bxc4 38.Kxc4 Rb8 39.Rd2 Kg5 40.Kxc5 f5 
41.Kd4 Rb3 42.Kc4 h5 43.Kd4 h4 44.h3 Kf4 45.Kc4 Kg5 46.Kd4 Kh5 47.f4 g5 
48.Ke5 Rb5+ 49.Kf6 gxf4 50.Rd8 Rb6+ 51.Kxf5 Rb5+ 52.Kf6 Rb6+ 53.Kf5 Rb5+ 
54.Kxf4 Rxb2 55.Ra8 Rb4+ 56.Kf5 Rb5+ 57.Kf6 Rb6+ 58.Kf5 Rb5+ 59.Kf4 Rb4+ 
60.Kf5 1/2-1/2

[Event "5th Essent op"]
[Site "Hoogeveen NED"]
[Date "2001.10.17"]
[Round "6.17"]
[White "Berelowitsch, Alexander"]
[Black "Visser, Yge"]
[Result "1-0"]
[WhiteElo "2512"]
[BlackElo "2453"]
[EventDate "2001.10.12"]
[PlyCount "71"]

1.e4 e6 2.d4 d5 3.Nd2 Nf6 4.e5 Nfd7 5.Bd3 c5 6.c3 Nc6 7.Ne2 cxd4 8.cxd4 f6
9.exf6 Nxf6 10.O-O Bd6 11.Nf3 O-O 12.Bf4 Bxf4 13.Nxf4 Qc7 14.g3 Qb6 15.b3 
Kh8 16.Ng5 e5 17.Nxh7 Nxh7 18.Qh5 e4 19.Ng6+ Kg8 20.Qxd5+ Rf7 21.Bc4 Qc7 
22.Qc5 Bh3 23.Rfe1 Re8 24.Rad1 Bg4 25.Ne5 Rxe5 26.dxe5 Ng5 27.e6 Nh3+ 28.
Kg2 Re7 29.Rd7 Bf3+ 30.Kxh3 Qb8 31.Rxe7 Qf8 32.Rxg7+ Kxg7 33.Qxf8+ Kxf8 
34.Bd5 Ne5 35.Bxe4 Bg4+ 36.Kg2 1-0

[Event "5th Essent op"]
[Site "Hoogeveen NED"]
[Date "2001.10.17"]
[Round "6.18"]
[White "Galkin, Alexander"]
[Black "Jonkman, Harmen"]
[Result "0-1"]
[WhiteElo "2583"]
[BlackElo "2491"]
[EventDate "2001.10.12"]
[PlyCount "88"]

1.e4 e5 2.Nf3 Nc6 3.Bb5 Nf6 4.O-O Nxe4 5.d4 Nd6 6.Bxc6 dxc6 7.dxe5 Nf5 8.
Qxd8+ Kxd8 9.Nc3 h6 10.h3 Bd7 11.b3 Kc8 12.Bb2 b6 13.Rad1 Ne7 14.Rd2 c5 
15.Rfd1 Be6 16.Ne2 g5 17.Rd8+ Kb7 18.Rxa8 Kxa8 19.h4 g4 20.Nh2 Nc6 21.Nf4 
Rg8 22.Nxe6 fxe6 23.Rd7 Kb7 24.Rf7 Be7 25.g3 h5 26.Rh7 Rd8 27.Nf1 c4 28.
Rxh5 Rd1 29.Kg2 Bb4 30.c3 Be7 31.b4 Rb1 32.Ba3 b5 33.Rh7 a5 34.h5 a4 35.
Rg7 Ra1 36.Rg8 Nxe5 37.h6 Bf6 38.h7 Nd3 39.Nd2 Bxc3 40.Rxg4 Rxa2 41.Ne4 
Ba1 42.Rg6 Nxf2 43.Nf6 Ne4+ 44.Bb2 a3 0-1

[Event "5th Essent op"]
[Site "Hoogeveen NED"]
[Date "2001.10.17"]
[Round "6.19"]
[White "Stellwagen, Daniel"]
[Black "Guliev, Sarhan"]
[Result "0-1"]
[WhiteElo "2384"]
[BlackElo "2489"]
[EventDate "2001.10.12"]
[PlyCount "66"]

1.e4 c6 2.d4 d5 3.Nc3 dxe4 4.Nxe4 Bf5 5.Ng3 Bg6 6.Bc4 e6 7.N1e2 Nf6 8.Nf4 
Bd6 9.Bb3 Qc7 10.Qf3 a5 11.a4 Na6 12.c3 c5 13.O-O cxd4 14.cxd4 O-O 15.Nxg6
hxg6 16.Bg5 Bxg3 17.hxg3 Qb6 18.Rad1 Rfd8 19.Bc4 Qxb2 20.Bxf6 gxf6 21.Qxf6
Nc7 22.Rd3 Qb4 23.Bb3 Rd7 24.g4 Qf8 25.g5 Qg7 26.Qf4 b5 27.axb5 Nxb5 28.
Ba4 Nxd4 29.Qe4 Rd5 30.Rfd1 Rad8 31.f4 Qf8 32.Kh2 Qb4 33.Ra1 Nf3+ 0-1

[Event "5th Essent op"]
[Site "Hoogeveen NED"]
[Date "2001.10.17"]
[Round "6.20"]
[White "Cako, Laszlo"]
[Black "Vuilleumier, Alexandre"]
[Result "0-1"]
[WhiteElo "2131"]
[BlackElo "2150"]
[EventDate "2001.10.12"]
[PlyCount "76"]

1.e4 c5 2.Nf3 e6 3.d4 cxd4 4.Nxd4 Nf6 5.Nc3 d6 6.Bc4 a6 7.Bb3 b5 8.O-O Bb7
9.Bxe6 fxe6 10.Nxe6 Qd7 11.Nd5 Bxd5 12.exd5 Kf7 13.f4 Be7 14.f5 Qa7+ 15.
Kh1 Qb7 16.Nf4 Nbd7 17.Qe2 Ne5 18.Be3 Rhe8 19.Rad1 Kg8 20.Bd4 Bf8 21.Ne6 
Nxd5 22.Bxe5 dxe5 23.Qe4 Be7 24.Qxd5 Qxd5 25.Rxd5 Rec8 26.c3 b4 27.cxb4 
Rc2 28.Rxe5 Bf6 29.Re4 Rxb2 30.a4 Rb8 31.g4 h6 32.Rff4 Ra2 33.a5 Rb2 34.
Rc4 Be5 35.Rfe4 Bxh2 36.Rc6 Bg3 37.Rxa6 Rc8 38.Nc5 Rd8 0-1

[Event "5th Essent op"]
[Site "Hoogeveen NED"]
[Date "2001.10.17"]
[Round "6.21"]
[White "Van der Weide, Karel"]
[Black "Gofshtein, Leonid D"]
[Result "1-0"]
[WhiteElo "2457"]
[BlackElo "2513"]
[EventDate "2001.10.12"]
[PlyCount "61"]

1.e4 c5 2.Nf3 Nc6 3.d4 cxd4 4.Nxd4 Nf6 5.Nc3 Qb6 6.Nb3 e6 7.Bd3 a6 8.Be3 
Qc7 9.f4 d6 10.Qf3 b5 11.g4 Bb7 12.g5 Nd7 13.Qh3 Nc5 14.g6 fxg6 15.Nxc5 
dxc5 16.Qxe6+ Qe7 17.Qh3 c4 18.Be2 Rd8 19.Bb6 Nd4 20.O-O Nxc2 21.Rad1 Rd7 
22.Bg4 Rd6 23.Bf2 Qc7 24.Nd5 Bxd5 25.exd5 Be7 26.Qc3 Nb4 27.Qxb4 Rd8 28.
Rde1 Kf8 29.Qc3 Bd6 30.Bf3 Rd7 31.Qe3 1-0

[Event "5th Essent op"]
[Site "Hoogeveen NED"]
[Date "2001.10.17"]
[Round "6.22"]
[White "Epishin, Vladimir"]
[Black "Van der Wiel, John"]
[Result "1-0"]
[WhiteElo "2583"]
[BlackElo "2495"]
[EventDate "2001.10.12"]
[PlyCount "85"]

1.d4 Nf6 2.c4 e6 3.Nc3 Bb4 4.e3 c5 5.Ne2 cxd4 6.exd4 O-O 7.a3 Be7 8.Nf4 d6
9.Be2 e5 10.Nfd5 Nxd5 11.Nxd5 Bg5 12.f4 exf4 13.O-O Nc6 14.b4 Ne7 15.Nxf4 
Nf5 16.Bd3 Nxd4 17.Bb2 Nc6 18.Qh5 Bh6 19.Rf3 Qg5 20.Bxg7 Kxg7 21.Rg3 f6 
22.Rxg5+ fxg5 23.Nd5 Ne5 24.Qe2 Bg4 25.Qd2 Kh8 26.Rf1 Bg7 27.Ne3 Be6 28.
Rxf8+ Rxf8 29.Be2 Rd8 30.h3 Nc6 31.Bf3 Ne5 32.Bxb7 Nxc4 33.Nxc4 Bxc4 34.
Bd5 Ba6 35.a4 h6 36.b5 Bc8 37.a5 Rf8 38.b6 axb6 39.axb6 Ba6 40.Bf3 Be5 41.
b7 Rb8 42.Qb4 Kg7 43.Qb6 1-0

[Event "5th Essent op"]
[Site "Hoogeveen NED"]
[Date "2001.10.18"]
[Round "7.1"]
[White "Goloshchapov, Alexander"]
[Black "Van der Weide, Karel"]
[Result "1-0"]
[WhiteElo "2550"]
[BlackElo "2457"]
[EventDate "2001.10.12"]
[PlyCount "87"]

1.e4 c5 2.Nf3 Nc6 3.d4 cxd4 4.Nxd4 g6 5.c4 Nf6 6.Nc3 d6 7.Be2 Nxd4 8.Qxd4 
Bg7 9.Be3 O-O 10.Qd2 Be6 11.f3 Qa5 12.Rc1 Rfc8 13.b3 a6 14.Na4 Qxd2+ 15.
Kxd2 Nd7 16.g4 f5 17.exf5 gxf5 18.h3 Rf8 19.f4 Rad8 20.g5 d5 21.cxd5 Bxd5 
22.Rhd1 e5 23.Ke1 Bc6 24.Bxa6 exf4 25.Bxf4 Rde8+ 26.Kf1 Re4 27.Bc4+ Kh8 
28.Bd6 Rc8 29.Bd5 Rd4 30.Rxd4 Bxd4 31.Bxc6 Rxc6 32.Rxc6 bxc6 33.Ke2 Kg7 
34.Kd3 Ba7 35.b4 Kg6 36.Nc5 Nb6 37.Ne6 Nd5 38.Nf4+ Kxg5 39.Nxd5 cxd5 40.
Bc7 Kh4 41.b5 Kxh3 42.b6 Bxb6 43.Bxb6 f4 44.a4 1-0

[Event "5th Essent op"]
[Site "Hoogeveen NED"]
[Date "2001.10.18"]
[Round "7.3"]
[White "Jonkman, Harmen"]
[Black "Riazantsev, Alexander"]
[Result "1/2-1/2"]
[WhiteElo "2491"]
[BlackElo "2500"]
[EventDate "2001.10.12"]
[PlyCount "22"]

1.e4 c6 2.d4 d5 3.Nd2 g6 4.Ngf3 Bg7 5.h3 dxe4 6.Nxe4 Nd7 7.Bd3 Ngf6 8.O-O 
Nxe4 9.Bxe4 O-O 10.Re1 c5 11.Bg5 cxd4 1/2-1/2

[Event "5th Essent op"]
[Site "Hoogeveen NED"]
[Date "2001.10.18"]
[Round "7.4"]
[White "Van Doeland, Julius"]
[Black "Hendriks, Richard V"]
[Result "1-0"]
[WhiteElo "2292"]
[BlackElo "2113"]
[EventDate "2001.10.12"]
[PlyCount "65"]

1.d4 e6 2.c4 Nf6 3.Nc3 Bb4 4.Qc2 O-O 5.a3 Bxc3+ 6.Qxc3 b5 7.cxb5 c6 8.Nf3 
cxb5 9.e3 Bb7 10.Bd3 Nc6 11.O-O Rc8 12.Qe1 Na5 13.Nd2 Qc7 14.f3 e5 15.Ne4 
Nxe4 16.fxe4 d6 17.Qd1 Qd7 18.d5 a6 19.Be2 Qe7 20.b3 Qc7 21.Bd2 Rce8 22.
Rb1 Bc8 23.Qe1 Nb7 24.Rc1 Qe7 25.b4 Qg5 26.Rf3 Qg6 27.Rg3 Qxe4 28.Bf3 Qf5 
29.e4 Qd7 30.Bh6 g6 31.Bxf8 Rxf8 32.Bg4 f5 33.Bxf5 1-0

[Event "5th Essent op"]
[Site "Hoogeveen NED"]
[Date "2001.10.18"]
[Round "7.6"]
[White "Plasman, Hans"]
[Black "Koster, Ramon H"]
[Result "0-1"]
[WhiteElo "2217"]
[BlackElo "2285"]
[EventDate "2001.10.12"]
[PlyCount "54"]

1.e4 c5 2.Nf3 Nc6 3.d4 cxd4 4.Nxd4 Qb6 5.Nb3 Nf6 6.Nc3 e6 7.Bd3 Be7 8.O-O 
a6 9.a4 Qc7 10.f4 d6 11.Be3 b6 12.Be2 O-O 13.Bf3 Bb7 14.Qe1 Rac8 15.Rd1 
Rfe8 16.g4 Nb4 17.Qf2 d5 18.e5 Ne4 19.Bxe4 dxe4 20.Rd2 Qc4 21.Bxb6 Nc6 22.
Re1 Nxe5 23.fxe5 e3 24.Bxe3 Qc6 25.Qg3 Bh4 26.Rd6 Qh1+ 27.Kf2 Bxg3+ 0-1

[Event "5th Essent op"]
[Site "Hoogeveen NED"]
[Date "2001.10.18"]
[Round "7.7"]
[White "Veneman, Henry J"]
[Black "Archangelsky, Mikhail"]
[Result "0-1"]
[WhiteElo "2185"]
[BlackElo "2395"]
[EventDate "2001.10.12"]
[PlyCount "94"]

1.e4 e6 2.d4 d5 3.e5 c5 4.c3 Qb6 5.Nf3 Nc6 6.Be2 cxd4 7.cxd4 Nh6 8.Nc3 Nf5
9.Na4 Bb4+ 10.Bd2 Qa5 11.Bc3 b5 12.a3 Bxc3+ 13.Nxc3 b4 14.axb4 Qxb4 15.Bb5
Bd7 16.Bxc6 Bxc6 17.Qd2 O-O 18.O-O Rfb8 19.Ra2 Rb7 20.g4 Ne7 21.Kg2 Be8 
22.h4 Nc8 23.Qf4 Qe7 24.Rfa1 Rab8 25.Nd1 Bb5 26.g5 Bc4 27.Ra5 Be2 28.Rc5 
Qe8 29.h5 Bxd1 30.Rxd1 Rxb2 31.h6 Ne7 32.hxg7 Nf5 33.Nh2 Qa4 34.Rd3 R2b4 
35.Ng4 Kxg7 36.Nf6 Rxd4 37.Rxd4 Qxd4 38.Qc1 Rb2 39.Rc2 Rxc2 40.Qxc2 Qxe5 
41.Qa4 Ne3+ 42.Kh1 Nc4 43.f4 Qe1+ 44.Kh2 Qf2+ 45.Kh3 Ne3 46.Qe8 Qg2+ 47.
Kh4 Qh2# 0-1